00338pab a2200133 454500008004000000100002200040245004800062260000900110300001200119362001000131650001400141650002900155773002000184180718b1997 xxu||||| |||| 00| 0 eng d aGopalakrishna, N. aCommunication centre in health universities c1997 ap.12-13 a3 Mar aEducation aHealth service education aUniversity News